| 000 | 00766cam a2200217 a 4500 | ||
|---|---|---|---|
| 001 | 000006407 | ||
| 005 | 20240530073911.0 | ||
| 008 | 900316s1984 sp 001 0 spa | ||
| 020 | _a8427606702 | ||
| 040 |
_aDO-SdBNP _bspa _cBNPHU |
||
| 082 |
_aRD863.2 _bM351a |
||
| 100 | 1 |
_aMármol, José, _d1818-1871. _95480 |
|
| 245 | 1 | 0 |
_aAmalia / _cJosé Mármol ; edición Teodosio Fdz. Rodríguez. |
| 260 |
_aMadrid, España : _bNacional, _c1984. |
||
| 300 |
_a811 p. ; _c18 cm. |
||
| 490 | 1 |
_aBiblioteca de la literatura y el pensamiento hispánicos ; _v65 |
|
| 650 | 0 |
_aNovela dominicana _9223 |
|
| 650 | 0 |
_aLiteratura dominicana. _967 |
|
| 700 | 1 |
_aRodríguez, Teodosio Fdz., _eed. _917810 |
|
| 830 | 0 |
_aBiblioteca de la literatura y el pensamiento hispánicos ; _n65 _917811 |
|
| 999 |
_c6202 _d6202 |
||